New method for studying the penetration of the solvent into the free volume of vulcanised rubbers during swelling (Record no. 63845)

MARC details
000 -LEADER
fixed length control field 00464nam a2200145Ia 4500
100 ## - MAIN ENTRY--AUTHOR NAME
Personal name Kucherskii A M
245 #0 - TITLE STATEMENT
Title New method for studying the penetration of the solvent into the free volume of vulcanised rubbers during swelling
260 ## - PUBLICATION, DISTRIBUTION, ETC. (IMPRINT)
Name of publisher International Polymer Science and Technology
Year of publication 2001
300 ## - PHYSICAL DESCRIPTION
Number of Pages 24-26
650 ## - SUBJECT ADDED ENTRY--TOPICAL TERM
Topical Term Penetration
650 ## - SUBJECT ADDED ENTRY--TOPICAL TERM
Topical Term Solvent
650 ## - SUBJECT ADDED ENTRY--TOPICAL TERM
Topical Term Vulcanised rubbers
942 ## - ADDED ENTRY ELEMENTS (KOHA)
Koha item type Journals
Holdings
Withdrawn status Lost status Damaged status Not for loan Home library Current library Shelving location Date acquired Serial Enumeration / chronology Koha item type
      Journals RRII Library RRII Library Rubber chemistry 17/12/2021 Volume 28, Issue 2 Journals